000 00813nam a2200253Ia 4500
003 OSt
005 20220923211132.0
006 a|||||r|||| 00| 0
007 ta
008 220922b |||||||| |||| 00| 0 hin d
020 _a818546930X (hbk)
_c60
024 _a234,646
037 _b416, 28/02/2008, University Book House
_cTextual
040 _aARTS
_cARTS
_bhin
041 _2hin
_ahin
082 _aO152,3N50x, N4
100 _aनागर, विष्णु
_9156291
245 0 _aकुछ दूर
246 _aKuchh dūra
260 _aपंचकूला
_b आधार प्रकाशन
_c1994
300 _a139पृ.
_ccm.
942 _hO152,3N50x, N4
_cTEXL
_2CC
999 _c295781
_d295781